000 00639nam a2200217Ia 4500
005 20241129110937.0
008 241129s9999||||xx |||||||||||||| ||und||
020 _a978-81-951790-5-3
037 _aTB
040 _aCRL
_beng
_cCRL
041 _asan
_2san
084 _aR635x1,1 15R1
_qCRL
100 _aBhattacharya Shiram Sankar Ed.
_9722888
245 0 _aPatanjal yogadarsanam
_cBhattacharya Shiram Sankar Ed.
260 _aVaranasi, India
_bThe Bharatiya Vidya Prakashan
_c2021
300 _a204p.
365 _aINR
_b895
650 _aIndian Philosophy
942 _cTB
_hR635x1,1 15R1
999 _c1228212
_d1228212